The transformative and authentic leader of 21st century (Record no. 18028)
[ view plain ]
| 000 -LEADER | |
|---|---|
| fixed length control field | 00578nam a22001697a 4500 |
| 008 - FIXED-LENGTH DATA ELEMENTS--GENERAL INFORMATION | |
| fixed length control field | 191115b xxu||||| |||| 00| 0 eng d |
| 020 ## - INTERNATIONAL STANDARD BOOK NUMBER | |
| International Standard Book Number | 9966746252 |
| 040 ## - CATALOGING SOURCE | |
| Original cataloging agency | KABU |
| Transcribing agency | KABU |
| 050 ## - LIBRARY OF CONGRESS CALL NUMBER | |
| Classification number | HD58.8 |
| Item number | .K53 2019 c. 1 |
| 100 ## - MAIN ENTRY--PERSONAL NAME | |
| Personal name | Kibicho, Paul M. |
| 245 ## - TITLE STATEMENT | |
| Title | The transformative and authentic leader of 21st century |
| Remainder of title | an exceptional future can only be built on the transformation of the mess |
| Statement of responsibility, etc. | Paul M. Kibicho |
| 260 ## - PUBLICATION, DISTRIBUTION, ETC. (IMPRINT) | |
| Place of publication, distribution, etc. | Nairobi, Kenya |
| Name of publisher, distributor, etc. | Panorama |
| Date of publication, distribution, etc. | 2019 |
| 300 ## - PHYSICAL DESCRIPTION | |
| Extent | x, 126 p. |
| 650 ## - SUBJECT ADDED ENTRY--TOPICAL TERM | |
| Topical term or geographic name as entry element | Organizational change |
| 650 ## - SUBJECT ADDED ENTRY--TOPICAL TERM | |
| Topical term or geographic name as entry element | Leadership |
| 942 ## - ADDED ENTRY ELEMENTS (KOHA) | |
| Source of classification or shelving scheme | Library of Congress Classification |
| Koha item type | General Collection |
| Classification part | HD58.8 |
| Withdrawn status | Lost status | Source of classification or shelving scheme | Not for loan | Home library | Current library | Date acquired | Cost, normal purchase price | Total Checkouts | Full call number | Barcode | Date last seen | Date last checked out | Copy number | Price effective from | Koha item type | Inventory number |
|---|---|---|---|---|---|---|---|---|---|---|---|---|---|---|---|---|
| Library of Congress Classification | Kabarak, Main Campus | Kabarak, Main Campus | 15/11/2019 | 1000.00 | 1 | HD58.8 .K53 2019 c. 1 | 023955 | 02/08/2024 | 10/11/2021 | c. 1 | 15/11/2019 | General Collection | ||||
| Library of Congress Classification | Kabarak, Main Campus | Kabarak, Main Campus | 15/11/2019 | 1000.00 | HD58.8 .K53 2019 c. 2 | 023956 | 02/08/2024 | c. 2 | 15/11/2019 | General Collection | ||||||
| Library of Congress Classification | Kabarak, Main Campus | Kabarak, Main Campus | 15/11/2019 | 1000.00 | HD58.8 .K53 2019 c. 3 | 031865 | 15/08/2023 | c. 3 | 15/11/2019 | General Collection | 0409/2022 | |||||
| Library of Congress Classification | Kabarak, Main Campus | Kabarak, Main Campus | 15/11/2019 | 1000.00 | HD58.8 .K53 2019 c. 4 | 031866 | 02/08/2024 | C.4 | 15/11/2019 | General Collection | 0409/2022 |